Bài tập trắc nghiệm cơ học và phương pháp giải /

Cuốn sách bao gồm 3 phần :

Sparad:
Bibliografiska uppgifter
Huvudupphovsman: Vũ Duy Cường
Materialtyp: Bok
Språk:Vietnamese
Publicerad: Tp.HCM : Đại học Quốc Gia Tp Hồ Chí Minh , 2006
Upplaga:In lần thứ 1
Ämnen:
Taggar: Lägg till en tagg
Inga taggar, Lägg till första taggen!
Thư viện lưu trữ: Thư viện Trường CĐ Kỹ Thuật Cao Thắng
LEADER 01828nam a2200313 a 4500
001 TVCDKTCT8007
003 Thư viện trường Cao đẳng Kỹ thuật Cao Thắng
005 20170529091610.2
008 070731
980 \ \ |a Thư viện Trường CĐ Kỹ Thuật Cao Thắng 
024 |a RG_1 #1 eb0 i1 i5 
041 0 # |a vie 
082 # # |a 530.1 /   |b B103T-v 
100 1 # |a Vũ Duy Cường 
245 0 0 |a Bài tập trắc nghiệm cơ học và phương pháp giải /   |c Vũ Duy Cường 
250 # # |a In lần thứ 1 
260 # # |a Tp.HCM :   |b Đại học Quốc Gia Tp Hồ Chí Minh ,   |c 2006 
300 # # |a 164tr. ;   |c 24cm 
520 # # |a Cuốn sách bao gồm 3 phần : 
520 # # |a Cuốn sách này người viết đã đưa ra những yêu cầu giải quyết tương đối ngắn gọn, từ đơn giản đến phức tạp giúp cho người đọc hiểu sâu sắc các mô hình cơ học cả về định lượng và định tính. Các ví dụ ở đây đều đặt các câu hỏi dạng trắc nghiệm. Qua các ví dụ này người đọc khi giải các bài tập, ngoài việc trả lời theo câu hỏi khác một cách linh hoạt để trả lời nhằm nâng cao kỹ năng làm bài của bản thân 
520 # # |a Phần 1: Tĩnh học 
520 # # |a Phần 2: Động học 
520 # # |a Phần 3: Động lực học 
650 # 4 |a Cơ học 
650 # 4 |a Động lực học 
721 # # |a CNKT Cơ điện tử 
721 # # |a CNKT Cơ khí 
841 # # |b Kho Sách   |j 100021518, 100021519, 100021520, 100021523, 100021576, 100021577 
841 # # |b Kho Tra Cứu   |j 500002885, 500002887, 500002892, 500002897